Cultura y Modernidad / (Registro nro. 42897)
[ vista simple ]
| 000 -CABECERA | |
|---|---|
| campo de control de longitud fija | 00577nam a2200181 a 4500 |
| 001 - NÚMERO DE CONTROL | |
| campo de control | 000043408 |
| 005 - FECHA Y HORA DE LA ÚLTIMA TRANSACCIÓN | |
| campo de control | 20201002040904.0 |
| 008 - DATOS DE LONGITUD FIJA--INFORMACIÓN GENERAL | |
| campo de control de longitud fija | 140314s1991 sp acd 001 0 spa d |
| 020 ## - NÚMERO INTERNACIONAL ESTÁNDAR DEL LIBRO | |
| Número Internacional Estándar del Libro | 8403602057 |
| 040 ## - FUENTE DE LA CATALOGACIÓN | |
| Centro catalogador/agencia de origen | DO-SdBNP |
| Lengua de catalogación | spa |
| Centro/agencia transcriptor | BNPHU |
| 245 00 - MENCIÓN DE TÍTULO | |
| Título | Cultura y Modernidad / |
| Mención de responsabilidad, etc. | editado por Richard Maltby. |
| 260 ## - PUBLICACIÓN, DISTRIBUCIÓN, ETC. | |
| Lugar de publicación, distribución, etc. | Barcelona :, |
| Fecha de publicación, distribución, etc. | Aguilar |
| -- | 1991. |
| 300 ## - DESCRIPCIÓN FÍSICA | |
| Extensión | 269 p. : |
| Otras características físicas | il., gráf., retrs. ; |
| Dimensiones | 30 cm. |
| 490 1# - MENCIÓN DE SERIE | |
| Mención de serie | Siglo veinte, análisis histórico |
| 500 ## - NOTA GENERAL | |
| Nota general | Incluye índice |
| 700 12 - PUNTO DE ACCESO ADICIONAL--NOMBRE DE PERSONA | |
| Nombre de persona | Maltby, Richard |
| Término indicativo de función/relación | ed. |
| 9 (RLIN) | 71070 |
| 830 #0 - PUNTO DE ACCESO ADICIONAL DE SERIE-TÍTULO UNIFORME | |
| Título uniforme | Siglo veinte, análisis histórico |
| 9 (RLIN) | 71071 |
| Estado de retiro | Estado de pérdida | Restricciones de uso | No para préstamo | Código de colección | Localización permanente | Ubicación/localización actual | Ubicación en estantería | Fecha de adquisición | Número de inventario | Total de préstamos | Signatura topográfica completa | Código de barras | Fecha visto por última vez | Precio válido a partir de | Tipo de ítem Koha | Número de copia |
|---|---|---|---|---|---|---|---|---|---|---|---|---|---|---|---|---|
| Excluido de préstamo | Monografías: Libros y Folletos | General | General | En catalogación | 14.03.2014 | LF1 | 43408-10 | 25.06.2020 | 25.06.2020 | No se presta | ||||||
| Excluido de préstamo | Monografías: Libros y Folletos | General | General | En catalogación | 24.03.2014 | LF1 | 43408-20 | 25.06.2020 | 25.06.2020 | No se presta | e. 2 | |||||
| Préstamo interno | Monografías: Libros y Folletos | General | General | En catalogación | 24.03.2014 | LF1 | 43408-30 | 25.06.2020 | 25.06.2020 | Préstamo interno | e. 3 | |||||
| Monografías: Libros y Folletos | General | General | Orden iniciada | 14.03.2014 | LF1 | 43409-10 | 25.06.2020 | 25.06.2020 | No se presta |
